| 000 | 00674nam a2200217 a 4500 | ||
|---|---|---|---|
| 005 | 20250704063917.0 | ||
| 008 | 010521s19901999mx r 000 0 spa d | ||
| 020 | _a9682439132 | ||
| 035 | _aUPN01000106584 | ||
| 049 | _aCG | ||
| 050 | 4 |
_aRJ61 _bS6.6 1990 |
|
| 100 | 1 |
_aSolá Mendoza, Juan Manuel _930025 |
|
| 245 | 1 | 0 |
_aPuericultura : _bde acuerdo con los programas de enseñanza normal / _cJuan Solá Mendoza. |
| 250 | _a8a ed. | ||
| 260 |
_aMéxico : _bTrillas, _c1990, (1999 impr.) |
||
| 300 |
_a282 p. : _bil. |
||
| 650 | 4 |
_aNiños _xSalud e higiene _94876 |
|
| 650 | 4 |
_aCuidado del niño _96392 |
|
| 650 | 4 |
_aNIÑOS - _xCRECIMIENTO - _vMANUALES _93647 |
|
| 905 | _aLibro | ||
| 999 |
_c80496 _d80496 |
||